Guiding principles for feeding infants and young children during emergencies (Record no. 12279)

MARC details
000 -LEADER
fixed length control field 00457nam a22001577a 4500
003 - CONTROL NUMBER IDENTIFIER
control field OSt
005 - DATE AND TIME OF LATEST TRANSACTION
control field 20211013100500.0
008 - FIXED-LENGTH DATA ELEMENTS--GENERAL INFORMATION
fixed length control field 211013b |||||||| |||| 00| 0 eng d
020 ## - INTERNATIONAL STANDARD BOOK NUMBER
International Standard Book Number 92 4 154606 9
040 ## - CATALOGING SOURCE
Transcribing agency Hawassa University
050 ## - LIBRARY OF CONGRESS CALL NUMBER
Classification number 618.9239/GUI
082 ## - DEWEY DECIMAL CLASSIFICATION NUMBER
Classification number 618.9239/GUI
245 ## - TITLE STATEMENT
Title Guiding principles for feeding infants and young children during emergencies
260 ## - PUBLICATION, DISTRIBUTION, ETC.
Place of publication, distribution, etc. Geneva
Name of publisher, distributor, etc. World Health Organization
Date of publication, distribution, etc. 2004
942 ## - ADDED ENTRY ELEMENTS (KOHA)
Source of classification or shelving scheme Dewey Decimal Classification
Koha item type Books like text book referance book
Suppress in OPAC No
Holdings
Withdrawn status Lost status Source of classification or shelving scheme Damaged status Not for loan Home library Current library Date acquired Total Checkouts Full call number Barcode Date last seen Copy number Price effective from Koha item type
    Dewey Decimal Classification     College of Agriculture Library College of Agriculture Library 10/13/2021   618.9239/GUD ALIB0007088 10/13/2021 1 10/13/2021 Books like text book referance book
    Dewey Decimal Classification     College of Agriculture Library College of Agriculture Library 10/13/2021   618.9239/GUD ALIB0007089 10/13/2021 2 10/13/2021 Books like text book referance book